| 000 | 02077nam a2200253Ia 4500 | ||
|---|---|---|---|
| 003 | OSt | ||
| 005 | 20210819165728.0 | ||
| 008 | 210310s2014 sp ad gr 000 0 spa d | ||
| 020 | _a9788492954728 | ||
| 040 |
_aCO-JMCR _cCO-JMCR |
||
| 041 | 0 | _aspa | |
| 082 | 0 | 4 |
_a658.15 / _bT874e _223 |
| 100 | 1 |
_aTruyols Mateu, Sebastian, _eautor _927727 |
|
| 245 | 1 | 0 |
_aEstudios económicos y financieros de la edificación : _bteoría y practica / _cSebastián Truyols Mateu |
| 250 | _aSegunda edición | ||
| 260 |
_aMadrid, España : _bDelta, _c2014. |
||
| 300 |
_a409 páginas : _bilustraciones y gráficas en blanco y negro ; _c24 cm |
||
| 505 | 0 | _aConceptos básicos económicos. -- La empresa y tipos de sociedades. -- El profesional autónomo. -- La inversión: tipos y métodos. -- La amortización: tipos métodos. -- La cuenta de resultados y los principios básicos de contabilidad. | |
| 520 | 0 | _aEl Ingeniero de Edificación de hoy en día, que desarrolla su actividad en una empresa, ya sea ésta privada o pública, cada vez más necesita conocer los fun damentos tanto del marco económico general en el que se desarrolla su activi dad como de la actividad empresarial en particular, así como su organización y gestión. Sectores como el de la construcción, que tienen gran complejidad y son motor de la economía de nuestro país, cuentan cada vez con más frecuencia en nuestro tiempo con gerentes que son arquitectos técnicos, desarrollando esa doble función, la de dirección y control desde el punto de vista técnico y la de dirección y gestión desde el punto de vista empresarial. Esta obra contiene todos aquellos elementos de gestión económica que, desde un punto de vista general ha de conocer el futuro Ingeniero de Edificación: la interpretación de los fenómenos económicos del entorno, así como los elementos que afectan a la empresa, al empresario o al profesional autónomo. | |
| 650 | 1 | 4 |
_aEstudios económicos _937373 |
| 650 | 2 | 4 |
_aEstudios financieros _939525 |
| 650 | 2 | 4 |
_aLa edificación y la economía. _939526 |
| 942 |
_2ddc _cBK |
||
| 999 |
_c12259 _d12259 |
||